Statistics for NHL Players by Nickname

Click here to take the quiz!

General Stats

  • This quiz has been taken 187 times
  • The average score is 13 of 33

Answer Stats

HintAnswer% Correct
The Great OneWayne Gretzky
83%
Sid The KidSidney Crosby
81%
SubbanatorPK Subban
78%
StammerSteven Stamkos
76%
Mr. HockeyGordie Howe
65%
SeggyTyler Seguin
65%
The Great EightAlexander Ovechkin
61%
The Price Is RightCarey Price
56%
GenoEvgeni Malkin
56%
Johnny HockeyJohnny Gaudreau
55%
FlowerMarc-Andre Fleury
54%
Wayne TrainWayne Simmonds
54%
Captain SeriousJonathan Toews
52%
The Finnish FlashTeemu Selanne
51%
St. PatricePatrice Bergeron
47%
Big BuffDustin Byfuglien
39%
The KingHenrik Lundqvist
38%
IggyJarome Iginla
34%
Showtime, Johnny's BoyPatrick Kane
29%
BizNastyPaul Bissonnette
29%
HamburglarAndrew Hammond
28%
Captain America, BacksDavid Backes
26%
Magic ManPavel Datsyuk
26%
Super MarioMario Lemeiux
25%
The Real DealJames Neal
19%
CrowCorey Crawford
14%
The RocketMaurice Richards
14%
Mr. UniverseIlya Bryzgalov
7%
The ManChildBrandon Saad
6%
PicklesMarc-Edouard Vlasic
5%
SunshineBeau Bennett
4%
Frank The TankVladimir Tarasenko
4%
Flat StanleyBrandon Sutter
2%

Score Distribution

Percentile by Number Answered

Percent of People with Each Score

Your Score History

You have not taken this quiz